A. WESLEY POWELL LEARNING RESOURCE CENTRE (WPLRC)

Wonderful Place to Learn, Research & Collaborate

Strategic analysis and action / (Record no. 18716)

MARC details
000 -LEADER
fixed length control field 00553nam a22001937a 4500
003 - CONTROL NUMBER IDENTIFIER
control field OSt
005 - DATE AND TIME OF LATEST TRANSACTION
control field 20220412121931.0
008 - FIXED-LENGTH DATA ELEMENTS--GENERAL INFORMATION
fixed length control field 220412b |||||||| |||| 00| 0 eng d
020 ## - INTERNATIONAL STANDARD BOOK NUMBER
International Standard Book Number 0138504962
040 ## - CATALOGING SOURCE
Transcribing agency DDC
082 ## - DEWEY DECIMAL CLASSIFICATION NUMBER
Classification number 658.4012
110 ## - MAIN ENTRY--CORPORATE NAME
Relator code Fry, Joseph N.
245 ## - TITLE STATEMENT
Title Strategic analysis and action /
Statement of responsibility, etc. Joseph N. Fry and J. Peter Killing
260 ## - PUBLICATION, DISTRIBUTION, ETC. (IMPRINT)
Place of publication, distribution, etc. Scarborough, Ontario :
Name of publisher, distributor, etc. Prentice - Hall Inc. :
300 ## - PHYSICAL DESCRIPTION
Extent xix, 282 p. :
Dimensions 22 cm.
500 ## - GENERAL NOTE
General note Includes bibliography and index .
700 ## - ADDED ENTRY--PERSONAL NAME
Relator code Killing, J. Peter
942 ## - ADDED ENTRY ELEMENTS (KOHA)
Source of classification or shelving scheme Dewey Decimal Classification
Koha item type Circ Books
Holdings
Withdrawn status Lost status Source of classification or shelving scheme Damaged status Not for loan Home library Current library Date acquired Total Checkouts Full call number Barcode Date last seen Price effective from Koha item type
    Dewey Decimal Classification     Wesley Powell Learning Resource Centre Wesley Powell Learning Resource Centre 04/12/2022   658.4012 / FRY 26330 04/12/2022 04/12/2022 Circ Books